Scientology 8-8008 / (Record no. 162)

MARC details
000 -LEADER
fixed length control field 01479cam a2200325 a 4500
001 - CONTROL NUMBER
control field 15207181
003 - CONTROL NUMBER IDENTIFIER
control field OSt
005 - DATE AND TIME OF LATEST TRANSACTION
control field 20230602140719.0
008 - FIXED-LENGTH DATA ELEMENTS--GENERAL INFORMATION
fixed length control field 080305s2007 caua 001 0 eng d
010 ## - LIBRARY OF CONGRESS CONTROL NUMBER
LC control number 2008295590
020 ## - INTERNATIONAL STANDARD BOOK NUMBER
International Standard Book Number 9781403144164
020 ## - INTERNATIONAL STANDARD BOOK NUMBER
International Standard Book Number 9781403144164
035 ## - SYSTEM CONTROL NUMBER
System control number (OCoLC)ocn186542608
040 ## - CATALOGING SOURCE
Original cataloging agency CLZ
Transcribing agency CLZ
Modifying agency DPL
-- YBM
-- DLC
042 ## - AUTHENTICATION CODE
Authentication code lccopycat
082 04 - DEWEY DECIMAL CLASSIFICATION NUMBER
Classification number 299/.936
Item number HUB
100 1# - MAIN ENTRY--PERSONAL NAME
Personal name Hubbard, L. Ron
Fuller form of name (La Fayette Ron),
Dates associated with a name 1911-1986.
245 10 - TITLE STATEMENT
Title Scientology 8-8008 /
Statement of responsibility, etc. L. Ron Hubbard.
246 3# - VARYING FORM OF TITLE
Title proper/short title Scientology eight-eight thousand eight
250 ## - EDITION STATEMENT
Edition statement [New ed.].
260 ## - PUBLICATION, DISTRIBUTION, ETC. (IMPRINT)
Place of publication, distribution, etc. Los Angeles, Calif. :
Name of publisher, distributor, etc. Bridge Publications, Inc.,
Date of publication, distribution, etc. 2007.
300 ## - PHYSICAL DESCRIPTION
Extent ii, 415 p. :
Other physical details ill. ;
Dimensions 25 cm.
500 ## - GENERAL NOTE
General note "A Hubbard publication".
500 ## - GENERAL NOTE
General note Includes index.
505 0# - FORMATTED CONTENTS NOTE
Formatted contents note The beingness of man -- Theta-mest theory -- Time, space, energy and matter -- Affinity, communication and reality -- Identity versus individuality -- Beingness, doingness and havingness -- Though, emotion and effort -- Facsimiles -- Assist processing -- Cycle-of-action -- Related experiences -- Differentiation, association and identification -- Patterns of energy -- Black and white -- Perception -- Force -- Responsibility -- The chart of attitudes -- The code of honor.
650 #0 - SUBJECT ADDED ENTRY--TOPICAL TERM
Topical term or geographic name as entry element Scientology.
906 ## - LOCAL DATA ELEMENT F, LDF (RLIN)
a 7
b cbc
c copycat
d 2
e ncip
f 20
g y-gencatlg
942 ## - ADDED ENTRY ELEMENTS (KOHA)
Source of classification or shelving scheme Dewey Decimal Classification
Koha item type Books
Holdings
Withdrawn status Lost status Source of classification or shelving scheme Damaged status Not for loan Home library Current library Date acquired Total Checkouts Full call number Barcode Date last seen Price effective from Koha item type
    Dewey Decimal Classification     Bunge Tower Library Bunge Tower Library 06/02/2023   299/.936 HUB 10014698 06/02/2023 06/02/2023 Books
LIBRARY OPENING HOURS

When the Parliament is sitting: 8.00a.m - 7.00p.m or until the house adjourns
Mondays and Fridays and when the House is on Recess:  8.00a.m - 5.00p.m
Closed on Weekends and Public Holidays

Online Public Access Catalog (OPAC)
Website: http://www.parliament.go.ke
Bunge Library: https://libraryir.parliament.go.ke
Contact: library@parliament.go.ke | Tel no: (254-2)2221291 or 2848000 Ext 5043